<?xml version="1.0" encoding="UTF-8"?>
<record
    xmlns:xsi="http://www.w3.org/2001/XMLSchema-instance"
    xsi:schemaLocation="http://www.loc.gov/MARC21/slim http://www.loc.gov/standards/marcxml/schema/MARC21slim.xsd"
    xmlns="http://www.loc.gov/MARC21/slim">

  <leader>00503    a2200193   4500</leader>
  <controlfield tag="001">62191</controlfield>
  <datafield tag="020" ind1=" " ind2=" ">
    <subfield code="a">8585500549</subfield>
  </datafield>
  <datafield tag="041" ind1=" " ind2=" ">
    <subfield code="a">por</subfield>
  </datafield>
  <datafield tag="090" ind1=" " ind2=" ">
    <subfield code="a">P Year 2 028</subfield>
  </datafield>
  <datafield tag="092" ind1=" " ind2=" ">
    <subfield code="a">2006313916</subfield>
  </datafield>
  <datafield tag="100" ind1=" " ind2=" ">
    <subfield code="a">Almeida, Fernanda Lopes de.</subfield>
  </datafield>
  <datafield tag="250" ind1=" " ind2=" ">
    <subfield code="a">1a ed., 1a impress&#xE3;o.</subfield>
  </datafield>
  <datafield tag="300" ind1=" " ind2=" ">
    <subfield code="a">60 p.</subfield>
  </datafield>
  <datafield tag="856" ind1=" " ind2=" ">
    <subfield code="u">000028/0000286a.jpg</subfield>
  </datafield>
  <datafield tag="040" ind1=" " ind2=" ">
    <subfield code="a">BR-BrIDEA</subfield>
    <subfield code="c">BR-BrIDEA</subfield>
  </datafield>
  <datafield tag="245" ind1="1" ind2="0">
    <subfield code="a">A fada que tinha id&#xE9;ias</subfield>
    <subfield code="b">pe&#xE7;a teatral</subfield>
    <subfield code="c"> Fernanda Lopes de Almeida</subfield>
  </datafield>
  <datafield tag="260" ind1=" " ind2=" ">
    <subfield code="a">[S.l.]</subfield>
    <subfield code="b">Projeto Editora</subfield>
    <subfield code="c">2004</subfield>
  </datafield>
  <datafield tag="942" ind1=" " ind2=" ">
    <subfield code="c">BK</subfield>
  </datafield>
  <datafield tag="952" ind1=" " ind2=" ">
    <subfield code="0">0</subfield>
    <subfield code="1">0</subfield>
    <subfield code="4">0</subfield>
    <subfield code="7">0</subfield>
    <subfield code="a">91.1</subfield>
    <subfield code="b">91.1</subfield>
    <subfield code="d">2023-11-21</subfield>
    <subfield code="l">0</subfield>
    <subfield code="p">14850/PIT</subfield>
    <subfield code="r">2023-11-21 18:30:35</subfield>
    <subfield code="w">2023-11-21</subfield>
    <subfield code="y">BK</subfield>
  </datafield>
  <datafield tag="952" ind1=" " ind2=" ">
    <subfield code="0">0</subfield>
    <subfield code="1">0</subfield>
    <subfield code="4">0</subfield>
    <subfield code="7">0</subfield>
    <subfield code="a">91.1</subfield>
    <subfield code="b">91.1</subfield>
    <subfield code="d">2023-11-21</subfield>
    <subfield code="l">0</subfield>
    <subfield code="o">LJ 028.5 A447f ALM FAD</subfield>
    <subfield code="p">17161/PIT</subfield>
    <subfield code="r">2023-11-21 18:30:35</subfield>
    <subfield code="w">2023-11-21</subfield>
    <subfield code="y">BK</subfield>
  </datafield>
  <datafield tag="952" ind1=" " ind2=" ">
    <subfield code="0">0</subfield>
    <subfield code="1">0</subfield>
    <subfield code="4">0</subfield>
    <subfield code="7">0</subfield>
    <subfield code="a">88.1</subfield>
    <subfield code="b">88.1</subfield>
    <subfield code="d">2023-11-22</subfield>
    <subfield code="l">0</subfield>
    <subfield code="p">5614/CSP</subfield>
    <subfield code="r">2023-11-22 14:31:47</subfield>
    <subfield code="w">2023-11-22</subfield>
    <subfield code="y">BK</subfield>
  </datafield>
  <datafield tag="952" ind1=" " ind2=" ">
    <subfield code="0">0</subfield>
    <subfield code="1">0</subfield>
    <subfield code="4">0</subfield>
    <subfield code="7">0</subfield>
    <subfield code="a">88.1</subfield>
    <subfield code="b">88.1</subfield>
    <subfield code="d">2023-11-22</subfield>
    <subfield code="l">0</subfield>
    <subfield code="o">LJ 028.5 A447a</subfield>
    <subfield code="p">7466/CSP</subfield>
    <subfield code="r">2023-11-22 14:31:47</subfield>
    <subfield code="w">2023-11-22</subfield>
    <subfield code="y">BK</subfield>
  </datafield>
  <datafield tag="952" ind1=" " ind2=" ">
    <subfield code="0">0</subfield>
    <subfield code="1">0</subfield>
    <subfield code="4">0</subfield>
    <subfield code="7">0</subfield>
    <subfield code="a">88.1</subfield>
    <subfield code="b">88.1</subfield>
    <subfield code="d">2023-11-22</subfield>
    <subfield code="l">0</subfield>
    <subfield code="o">LJ 028.5 A447a</subfield>
    <subfield code="p">7583/CSP</subfield>
    <subfield code="r">2023-11-22 14:31:47</subfield>
    <subfield code="w">2023-11-22</subfield>
    <subfield code="y">BK</subfield>
  </datafield>
  <datafield tag="952" ind1=" " ind2=" ">
    <subfield code="0">0</subfield>
    <subfield code="1">0</subfield>
    <subfield code="4">0</subfield>
    <subfield code="7">0</subfield>
    <subfield code="a">88.1</subfield>
    <subfield code="b">88.1</subfield>
    <subfield code="d">2023-11-22</subfield>
    <subfield code="l">0</subfield>
    <subfield code="o">LJ 028.5 A447a</subfield>
    <subfield code="p">7584/CSP</subfield>
    <subfield code="r">2023-11-22 14:31:47</subfield>
    <subfield code="w">2023-11-22</subfield>
    <subfield code="y">BK</subfield>
  </datafield>
  <datafield tag="952" ind1=" " ind2=" ">
    <subfield code="0">0</subfield>
    <subfield code="1">0</subfield>
    <subfield code="2">ddc</subfield>
    <subfield code="4">0</subfield>
    <subfield code="7">0</subfield>
    <subfield code="a">12.28</subfield>
    <subfield code="b">12.28</subfield>
    <subfield code="d">2015-03-06</subfield>
    <subfield code="l">4</subfield>
    <subfield code="o">Year 2 028</subfield>
    <subfield code="p">00014124SSW</subfield>
    <subfield code="r">2024-05-24 14:03:34</subfield>
    <subfield code="s">2024-05-17</subfield>
    <subfield code="w">2024-01-23</subfield>
    <subfield code="y">BK</subfield>
  </datafield>
  <datafield tag="952" ind1=" " ind2=" ">
    <subfield code="0">0</subfield>
    <subfield code="1">0</subfield>
    <subfield code="2">ddc</subfield>
    <subfield code="4">0</subfield>
    <subfield code="7">0</subfield>
    <subfield code="a">12.28</subfield>
    <subfield code="b">12.28</subfield>
    <subfield code="d">2018-04-12</subfield>
    <subfield code="l">0</subfield>
    <subfield code="o">P Year 2 028</subfield>
    <subfield code="p">00036246SSW</subfield>
    <subfield code="r">2024-01-23 14:53:08</subfield>
    <subfield code="w">2024-01-23</subfield>
    <subfield code="y">BK</subfield>
  </datafield>
  <datafield tag="952" ind1=" " ind2=" ">
    <subfield code="0">0</subfield>
    <subfield code="1">0</subfield>
    <subfield code="2">ddc</subfield>
    <subfield code="4">0</subfield>
    <subfield code="7">0</subfield>
    <subfield code="a">12.28</subfield>
    <subfield code="b">12.28</subfield>
    <subfield code="d">2015-03-06</subfield>
    <subfield code="l">1</subfield>
    <subfield code="o">Year 2 028</subfield>
    <subfield code="p">00014123SSW</subfield>
    <subfield code="q">2024-05-04</subfield>
    <subfield code="r">2024-03-05 14:22:19</subfield>
    <subfield code="s">2024-03-05</subfield>
    <subfield code="w">2024-01-23</subfield>
    <subfield code="y">BK</subfield>
  </datafield>
  <datafield tag="999" ind1=" " ind2=" ">
    <subfield code="c">62191</subfield>
    <subfield code="d">62191</subfield>
  </datafield>
</record>
